LEADER 01179nam a2200313 u 4500 001 000000029008 003 CaOOAMICUS 005 20070226111851.0 008 970108s1991 it a u000 u ita u 020 $a8842038512 035 $a10748545 040 $aMSA$bita 100 1 $aBrunetta, Gian Piero.$0(OLS)http://pul/name/23534 245 10$aCent'anni di cinema italiano /$cGian Piero Brunetta. 250 $a2. ed. 260 $aRoma :$bLaterza,$c1991. 300 $ax, 733 p. :$bill. (pt. color.) ;$c23 cm 490 1 $aStoria e memoria 500 $aFilmografia: p. [665]-706. 504 $aBibliografia: p. [657]-663. 650 4$aCinema$zItalia.$0(OLS)http://pul/subject/16705 830 0$aStoria e memoria.$0(OLS)http://pul/title/39645 850 $aPUL 852 $aPUL$W1$xSL Religione 2$y84$mRH E2 26$j40228$nBK-PRI$b $qStampati altre collocazioni$B40228$CPULBib$Z2$F40228 $H $81 941 1 $a10 961 $aINV: 72176 996 $6020$a8842038512$9(OLS)http://pul/number/36128 996 $6245$aCent'anni di cinema italiano$9(OLS)http://pul/title/39644 996 $6260$aRoma :$bLaterza$9(OLS)http://pul/publisher/47864 LEADER 01174nam a2200277 u 4500 001 000000059696 003 CaOOAMICUS 005 20070226120829.0 008 010704s1971 gw u000 u ger u 035 $a10895520 040 $aPUL(R)$bita 100 1 $aJaspers, Karl,$d1883-1969.$0(OLS)http://pul/name/6455 245 10$aEinführung in die Philosophie /$cKarl Jaspers. 260 $aMünchen :$bR.Piper & Co.,$cc1971. 300 $a130 p. ;$c19 cm 490 1 $aSerie Piper ;$v13 650 4$aFilosofia$vManuali, trattati, ecc.$0(OLS)http://pul/subject/9227 830 0$aSerie Piper ;$v13.$0(OLS)http://pul/title/79917 850 $aPUL 852 $aPUL$W1$xSL Filosofia 2$y80$mPhil D4 51a$j77832$nBK-PRI$b $qStampati altre collocazioni$B77832$CPULBib$Z2$F77832 $H $81 852 $aPUL$W1$xDP1 Fondo Pastorale$y55$mP19 C 50$j77833$nBK-PRI$b $qFondi$B77833$CPULBib$Z2$F77833 $H $81 941 1 $a10 941 1 $a1 961 $aINV: 39229 996 $6245$aEinführung in die Philosophie$9(OLS)http://pul/title/69664 996 $6260$aMünchen :$bR.Piper & Co.$9(OLS)http://pul/publisher/69842